000 00873 a2200253 4500
003 Nust
005 20170207154050.0
010 _a 2001045196
020 _a0844741663 (pbk.)
040 _cNust
082 0 0 _a332.7/22
245 0 0 _aServing two masters, yet out of control :Fannie Mae and Freddie Mac(E-BOOK)
_cPeter J. Wallison, editor.
260 _aWashington, D.C. :
_bAEI Press,
_c2001.
300 _ax, 187 p. :
_bill., maps ;
_c23 cm.
500 _aPapers from three AEI conferences.
610 2 0 _aFederal Home Loan Mortgage Corporation
610 2 0 _aFederal National Mortgage Association
650 0 _aHousing
_zUnited States
_xFinance
650 0 _aMortgage loans
_zUnited States
650 0 _aSecondary mortgage market
_zUnited States
651 _aE-BOOK
700 1 _aWallison, Peter J.
710 2 _aAmerican Enterprise Institute for Public Policy Research.
942 _2ddc
_cBK
999 _c193102
_d193102